[Event "2019 Tom Weston Open Major"]
[Site "Cardiff"]
[Date "2019.04.22"]
[Round "7.13"]
[White "Robinson, David"]
[Black "Fox, Chris"]
[Result "0-1"]
[WhiteElo "1905"]
[BlackElo "1685"]
[PlyCount "86"]
[EventDate "2019.04.19"]
[EventType "swiss"]
[EventRounds "7"]
[EventCountry "WLS"]

1. e4 {[%emt 0:00:27]} e6 {[%emt 0:00:09]} 2. d4 {[%emt 0:00:21]} d5 {[%emt 0:
00:05]} 3. Nc3 {[%emt 0:00:17]} dxe4 {[%emt 0:00:08]} 4. Nxe4 {[%emt 0:02:13]}
Bd7 {[%emt 0:00:05]} 5. Nf3 {[%emt 0:01:01]} Bc6 {[%emt 0:00:05]} 6. Bd3 {
[%emt 0:02:24]} Nd7 {[%emt 0:00:06]} 7. Bf4 {[%emt 0:02:20]} Be7 {[%emt 0:00:
43]} 8. Qe2 {[%emt 0:01:43]} Ngf6 {[%emt 0:00:20]} 9. O-O {[%emt 0:03:22]} Bxe4
{[%emt 0:00:41]} 10. Bxe4 {[%emt 0:00:31]} Nxe4 {[%emt 0:00:07]} 11. Qxe4 {
[%emt 0:00:13]} c6 {[%emt 0:00:05]} 12. Rfe1 {[%emt 0:05:19]} O-O {[%emt 0:00:
53]} 13. Rad1 {[%emt 0:01:58]} Nf6 {[%emt 0:00:32]} 14. Qd3 {[%emt 0:01:32]}
Nd5 {[%emt 0:02:55]} 15. Bg3 {[%emt 0:02:52]} Bf6 {[%emt 0:02:04]} 16. c4 {
[%emt 0:04:32]} Ne7 {[%emt 0:01:09]} 17. Qb3 {[%emt 0:01:44]} Qb6 {[%emt 0:03:
03]} 18. Qa3 {[%emt 0:02:38]} Nf5 {[%emt 0:02:35]} 19. Be5 {[%emt 0:02:22]}
Bxe5 {[%emt 0:01:15]} 20. dxe5 {[%emt 0:02:03]} Rfd8 {[%emt 0:02:18]} 21. c5 {
[%emt 0:07:33]} Qc7 {[%emt 0:00:57]} 22. h3 {[%emt 0:06:54]} b6 {[%emt 0:02:41]
} 23. Qc3 {[%emt 0:03:34]} b5 {[%emt 0:00:41]} 24. g4 {[%emt 0:02:24]} Ne7 {
[%emt 0:00:36]} 25. Rd6 {[%emt 0:00:44]} Nd5 {[%emt 0:01:50]} 26. Qc2 {[%emt 0:
01:47]} Rac8 {[%emt 0:03:38]} 27. Nd4 {[%emt 0:03:34]} Ne7 {[%emt 0:03:06]} 28.
Qe4 {[%emt 0:01:25]} Qa5 {[%emt 0:04:33]} 29. a3 {[%emt 0:00:55]} Qa6 {[%emt 0:
03:18]} 30. f4 {[%emt 0:02:40]} g6 {[%emt 0:02:44]} 31. Rf1 {[%emt 0:02:51]}
Kh8 {[%emt 0:02:48]} 32. Kh1 {[%emt 0:02:20]} b4 {[%emt 0:00:38]} 33. Rf3 {
[%emt 0:03:15]} Qc4 {[%emt 0:02:11]} 34. axb4 {[%emt 0:01:51]} Qc1+ {[%emt 0:
01:03]} 35. Kg2 {[%emt 0:00:37]} Qxb2+ {[%emt 0:00:29]} 36. Kg3 {[%emt 0:01:51]
} Qxb4 {[%emt 0:01:28]} 37. Rb3 {[%emt 0:02:55]} Qxc5 {[%emt 0:00:24]} 38. Rb7
{[%emt 0:03:12]} Rxd6 {[%emt 0:00:18]} 39. exd6 {[%emt 0:01:01]} Qxd6 {[%emt 0:
00:09]} 40. Rxa7 {[%emt 0:00:45]} g5 {[%emt 0:02:29]} 41. Rxe7 {[%emt 0:06:06]}
Qxe7 {[%emt 0:00:25]} 42. f5 {[%emt 0:01:37]} Qd6+ {[%emt 0:00:33]} 43. Kg2 {
[%emt 0:01:03]} Qd5 {[%emt 0:00:17]} 0-1

[Event "2019 Tom Weston Open Major"]
[Site "Cardiff"]
[Date "2019.04.22"]
[Round "7.16"]
[White "White, Sam"]
[Black "O`rourke, Kevin"]
[Result "0-1"]
[WhiteElo "1498"]
[BlackElo "1253"]
[PlyCount "64"]
[EventDate "2019.04.19"]
[EventType "swiss"]
[EventRounds "7"]
[EventCountry "WLS"]

1. e4 e5 2. Nf3 d6 3. Bc4 h6 4. O-O Nf6 5. Re1 Be7 6. c3 Nbd7 7. d4 Nh7 8. dxe5
Nxe5 9. Nxe5 dxe5 10. Bxf7+ Kxf7 11. Qh5+ Kg8 12. Rd1 Qf8 13. Qe2 Be6 14. Be3
b6 15. Nd2 Qf7 16. b3 Nf6 17. f3 Bc5 18. Nf1 Bxe3+ 19. Qxe3 Qg6 20. Rd2 Kh7 21.
Rad1 Bh3 22. Ng3 Be6 23. f4 Ng4 24. Qf3 exf4 25. Qxf4 Raf8 26. Qxc7 Ne3 27. Re1
Qg5 28. Rde2 Ng4 29. e5 h5 30. Ne4 Qf4 31. Ng3 h4 32. Qxg7+ Kxg7 0-1